000 00762cab a2200277 4500
001 WB2302-24
008 090401t1987 xxu||||| |||| 00| 0 eng d
035 _a(Sirsi) u73417
041 _aeng
245 _aPre-cast reinforced concrete homes
260 _c1987
350 _a0
490 _aDaily Telegraph
_v3/1/87 p20
520 _aDescribes the problems encountered by property owners who try and sell their PRC houses .
650 _aBRE
650 _aBUILDING DESIGN PARTNERSHIP
650 _aBUILDING SOCIETIES ASSOCIATION
650 _aHOUSE PURCHASE
650 _aHOUSING DEFECTS ACT 1984
650 _aMORTGAGE LENDING
650 _aPRC HOUSES
650 _aRICS
690 _aHOUSING-FINANCE
942 _n0
948 _c04/03/1997
999 _c46416
_d46416